Statistics for Countries that Start with T - Shape Quiz

Click here to take the quiz!

General Stats

  • This quiz has been taken 1,340 times
    (994 since last reset)
  • The average score is 10 of 11

Answer Stats

Country% Correct
Turkey
98%
Thailand
96%
Turkmenistan
89%
Tajikistan
87%
Tanzania
84%
Togo
84%
Trinidad and Tobago
84%
Tuvalu
84%
Tunisia
83%
Taiwan
82%
Tonga
80%

Score Distribution

Percentile by Number Answered

Percent of People with Each Score

Your Score History

You have not taken this quiz since the last reset